Normal view
MARC view
Entry Personal Name
001 - CONTROL NUMBER
- control field: 81423
003 - CONTROL NUMBER IDENTIFIER
- control field: OSt
005 - DATE AND TIME OF LATEST TRANSACTION
- control field: 20221014132311.0
008 - FIXED-LENGTH DATA ELEMENTS
- fixed length control field: 221014|| aca||aabn | a|a d
040 ## - CATALOGING SOURCE
- Original cataloging agency: OSt
- Transcribing agency: OSt
100 ## - HEADING--PERSONAL NAME
- Personal name: Dixit,Ajay
670 ## - SOURCE DATA FOUND
- Source citation: Work cat.: (OSt)65423: Dixit,Ajay, Strengthening Policy Research, 2019









